Villanos de One Piece - Estadísticas

Estadísticas generales
  • Esta prueba ha sido intentada 462 veces
  • La puntuación promedio es 8 de 15
Estadísticas de respuestas
Pista Villano/a % Correcto
Se considera (y es considerado) un dios Enel
95%
Perteneció a la Nobleza Mundial Doflamingo
83%
Fue subordinado de Gold Roger Buggy
75%
Crucificó y mutiló a varios miembros de la tribu mink Jack
64%
Posee el poder de manipular las sombras Moria
64%
Considera inferiores a los seres humanos Arlong
62%
Negaba que existiese la Isla del Cielo Bellamy
61%
Se dice que posee el mayor ejército del East Blue Krieg
57%
Fue subordinado de Shirohige Kurohige
56%
Se considera un brillante científico Caesar
53%
Fue apalizado por Shirohige Akainu
46%
Fue descuartizado por Law Vergo
46%
Sufrió un envejecimiento prematuro a causa de las drogas Hody Jones
40%
Su arma más conocida es una maza de hierro Alvida
35%
Salvó la vida a Luffy en una ocasión Cocodrilo
11%
No se encontraron pruebas coincidentes
Distribución de puntuación
Porcentaje de gente con cada puntuación
Porcentaje por número respondido
Historial de tus puntuaciones
No has intentado esta prueba.